000 01841nam a2200325 4500
003 EC-UNACH
005 20260313151853.0
006 s||||gr|||| 00| 00
008 150116t9999 mx r gr 000 0 spa d
020 _a970-15-1153-0
040 _aEC-UNACH
_cEC-UNACH
041 _aEspañol
082 0 4 _223
_a510
_bL018582
100 _aBarrera A., Miguel
245 _aMatemáticas con Microsoft Excel
250 _aPrimera Edición
_bTercera Reimpresión
264 _aMéxico
_bAlfaOmega Grupo Editor
_c2005
300 _a241 páginas
_bTablas, figuras, imágenes
_c23 x 17 centímetros
_eCD
501 _aIncluye índice, Introducción, Anexo, Bibliografía, Índice Alfabético
505 _aCapítulo 1. Herramientas Básicas -- Capítulo 2. Simulación de movimiento -- Capítulo 3. Programación en Visual Basic con Macros -- Capítulo 4. Resolución de Ecuaciones -- Capítulo 5. Resolución de sistemas -- Capítulo 6. Álgebra Matricial -- Capítulo 7. Familias de Funciones -- Capítulo 8. Cálculo Diferencial -- Capítulo 9. Funciones Definidas por el usuario -- Capítulo 10. Optimización: La herramienta SOLVER -- Capítulo 11. Cálculo Integral -- Capítulo 12. Simetrías -- Capítulo 13. Probabilidad -- Capítulo 14. Geometría -- Capítulo 15. Estadística -- Capítulo 16. Ecuaciones Diferenciales -- Capítulo 17. Teoría de Números -- Capítulo 18. Tres Dimensiones -- Capítulo 19. Ecuaciones Paramétricas -- Capítulo 20. Otras Utilidades -- Capítulo 21. Investigación con Excel
650 _aSIMULACIÓN DE MOVIMIENTO
650 _aRESOLUCIÓN DE ECUACIONES
650 _aSIMETRÍAS
650 _aCÁLCULO INTEGRAL
650 _aPROBABILIDAD
942 _2ddc
_c1
999 _c14409